| 000 | 01093nmm a2200349 a 4500 | ||
|---|---|---|---|
| 001 | ocm0002146284 | ||
| 003 | TR-IsHL | ||
| 005 | 20201028182508.0 | ||
| 008 | 190203s2015 tu tur | ||
| 007 | cr cn | ||
| 020 | _a9786051511443 | ||
| 035 |
_a2146284 _b(N$T) |
||
| 050 | 0 | 4 |
_aPL248.H395 _bI57 2015 |
| 090 | 0 | 4 |
_aPL248.H395 _bI57 2015 |
| 100 | 1 | _aHazıroğlu, Temel | |
| 245 | 1 | 0 |
_aİnsan ve gerçek: Düşünce damlaları _h[electronic resource] / _cTemel Hazıroğlu ; editör Doğukan İşler |
| 260 |
_aİstanbul : _bHayat Yayınları, _c2015 |
||
| 300 | _a232 p. | ||
| 650 | 4 | _aFelsefe, Psikoloji ve Din | |
| 650 | 4 | _aPhilosophy, Psychology and Religion | |
| 650 | 0 | _aTürk edebiyatı | |
| 650 | 0 | _aTurkish literature | |
| 650 | 0 | _aSiyaset | |
| 650 | 0 | _aPolitics | |
| 650 | 0 | _aAhlak | |
| 650 | 0 | _aMorality | |
| 650 | 0 | _aKültür | |
| 650 | 0 | _aCulture | |
| 650 | 7 |
_aLITERARY COLLECTIONS / Middle Eastern _2bisacsh |
|
| 700 | 1 | _aİşler, Doğukan | |
| 856 | 4 | 0 | _uhttp://search.ebscohost.com/login.aspx?direct=true&scope=site&db=e011xww&AN=2146284 |
| 999 |
_c20095 _d20095 |
||